Insatiable appetite: food as cultural signifier in the middle east and beyond /

Insatiable Appetite: Food as Cultural Signifier in the Middle East and Beyond explores the cultural ramifications of food and foodways in the Mediterranean, and Arab-Muslim countries in particular. The volume addresses the cultural meanings of food from a wider chronological scope, from antiquity to...

Full description

Saved in:

Other Authors: Dmitriev, Kirill (Editor), Hauser, Julia (Editor), Orfali, Bilal (Editor)

Format: eBook

Language: English

Published: Leiden Boston : BRILL, 2019.

Series: Krieg in der Geschichte; volume50.

Online Access: Login to view Source

Tags: Add Tag

No Tags, Be the first to tag this record!

Call Number:

LEADER 03877cam a22004218i 4500
001 BRILL9789004409552
003 nllekb
005 20211118222240.0
006 m d
007 cr un uuuua
008 191106s2019 mau 001 0 eng
020 |a 9789004409552  |q (electronic book) 
020 |z 9789004407626  |q (print) 
024 7 |a 10.1163/9789004409552  |2 DOI 
035 |a (OCoLC)1101386635 (print ed.) 
040 |a NL-LeKB  |c NL-LeKB  |e rda 
072 7 |a HBJF1  |2 bicssc 
072 7 |a HIS  |x 003000  |2 bisacsh 
072 7 |a HIS  |x 026000  |2 bisacsh 
245 0 0 |a Insatiable appetite: food as cultural signifier in the middle east and beyond /  |c Kirill Dmitriev, Julia Hauser, Bilal Orfali. 
264 1 |a Leiden Boston :  |b BRILL,  |c 2019. 
300 |a 1 online resource. 
336 |a text  |b txt  |2 rdacontent 
337 |a computer  |b c  |2 rdamedia 
338 |a online resource  |2 rdacarrier 
490 1 |a Krieg in der Geschichte;  |v volume50 
500 |a Includes index. 
505 0 0 |t Front Matter -- Copyright Page -- Notes on Contributors -- Introduction -- Food and Social Status -- Social Dining, Banqueting, and the Cultivation of a Coherent Social Identity /  |r Tarek Abu Hussein -- Eating Up /  |r Christian Saßmannshausen -- Prohibitions and Prescriptions from Classical Islam to the Present -- Peeling Onions, Layer by Layer /  |r Yasmin Amin -- Beyond Ḥalāl /  |r Karen Moukheiber -- Molecular Halal /  |r Shaheed Tayob -- Food, Gender, and the Body in the Late Nineteenth and Early Twentieth Centuries -- Food, Happiness, and the Egyptian Kitchen (1900-1952) /  |r Anny Gaul -- Food, Body, Society /  |r Christian Junge -- Intoxication: Wine and Hashish in Literary Sources and Beyond -- The Symbolism of Wine in Early Arabic Love Poetry /  |r Kirill Dmitriev -- Hashish and Food /  |r Danilo Marino -- The "Abominable Pig" and the "Mother of All Vices" /  |r Eric Dursteler -- Abstention: Vegetarianism in the Mediterranean and Europe from Antiquity to the Nineteenth Century -- An Ontological Dispute in the Writings of Porphyry of Tyre /  |r Pedro Ribeiro Martins -- Missionary and Heretic /  |r Kevin Blankinship -- A Frugal Crescent /  |r Julia Hauser -- Managing Scarcity in the Nineteenth and Twentieth Centuries -- Some Eat to Remember, Some to Forget /  |r Tylor Brand -- Local Histories of International Food Aid Policies from the Interwar Period to the 1960s /  |r Lola Wilhelm -- Back Matter -- Index. 
520 |a Insatiable Appetite: Food as Cultural Signifier in the Middle East and Beyond explores the cultural ramifications of food and foodways in the Mediterranean, and Arab-Muslim countries in particular. The volume addresses the cultural meanings of food from a wider chronological scope, from antiquity to present, adopting approaches from various disciplines, including classical Greek philology, Arabic literature, Islamic studies, anthropology, and history. The contributions to the book are structured around six thematic parts, ranging in focus from social status to religious prohibitions, gender issues, intoxicants, vegetarianism, and management of scarcity. Contributors are: Tarek Abu Hussein, Yasmin Amin, Kevin Blankinship, Tylor Brand, Kirill Dmitriev, Eric Dursteler, Anny Gaul, Julia Hauser, Christian Junge, Danilo Marino, Pedro Martins, Karen Moukheiber, Christian Saßmannshausen, Shaheed Tayob, and Lola Wilhelm. 
700 1 |a Dmitriev, Kirill,  |e editor. 
700 1 |a Hauser, Julia,  |e editor. 
700 1 |a Orfali, Bilal,  |e editor. 
776 0 8 |i Print version:  |t Insatiable appetite: food as cultural signifier in the middle east and beyond,  |d Leiden Boston: BRILL, 2019  |w 9789004407626 
830 0 |a Krieg in der Geschichte;  |v volume50. 
856 4 |z DOI:   |u http://dx.doi.org/10.1163/9789004409552 
942 |2 lcc  |c EBOOK 
952 |0 0  |1 0  |2 lcc  |4 0  |7 1  |9 22975  |a BRILL  |b BRILL  |d 2021-11-18  |l 0  |r 2021-11-18 00:00:00  |w 2021-11-18  |y EBOOK 
999 |c 40449  |d 40449